|
|
|
|
| LEADER |
00000nam a2200000Ia 4500 |
| 008 |
180302b2003 c ||||| |||| 00| | spa d |
| 999 |
|
|
|c 1593
|d 1593
|
| 090 |
|
|
|a 06.02.03
|b 1718
|
| 100 |
1 |
|
|a Rodríguez G., Martha C.
|9 3442
|
| 245 |
1 |
4 |
|a Los algoritmos básicos de Escuela Nueva de Colombia /
|c Martha C. Rodríguez G.
|
| 250 |
|
|
|a 2 edición
|
| 260 |
|
|
|a Bogotá, Colombia :
|b Fundación volvamos a la gente,
|c 2003
|
| 300 |
|
|
|a 65 páginas
|
| 650 |
1 |
4 |
|a CALIDAD DE LA EDUCACIÓN
|9 11
|
| 650 |
1 |
4 |
|a EDUCACIÓN
|9 1
|
| 650 |
1 |
4 |
|a DOCENTES
|9 331
|
| 650 |
1 |
4 |
|a ALUMNOS
|9 1272
|
| 650 |
1 |
4 |
|a EDUCACIÓN PRIMARIA
|9 367
|
| 942 |
|
|
|i 002824
|h 06.02.03 1718
|2 z
|c 01
|